000 00649nam a2200241Ia 4500
003 OSt
005 20220918175915.0
006 a|||||r|||| 00| 0
007 ta
008 220917b |||||||| |||| 00| 0 eng d
024 _a19,557
037 _cTextual
040 _aARTS
_cARTS
_beng
041 _2eng
_aeng
082 _aO111,2L88:g, K4
100 _aChew Samuel C.
245 0 _aDramas of Lord Byron
_b A critical study
260 _aNew York
_bRussell & Russell USA
_c1964
300 _a181p.
_ccm.
650 _aENGLISH LITERATURE
942 _hO111,2L88:g, K4
_cTEXL
_2CC
999 _c159467
_d159467